000 00677nam a2200217Ii 4500
003 JO-AjNU
008 230605s9999||||xx |||||||||||||| ||und||
017 _a1995/4/378
040 _aJO-AjNU
_bara
_erda
_cJO-AjNU
041 _aara
050 1 4 _aJQ825.J6.A2854.1995
100 3 _a أبو صوفه ، محمد,
_eauthor
_97406
245 0 0 _aخريطة الحياة النيابية في الأردن 1929-1993
250 _aط1
264 3 1 _aد ، م : د ، ن ، 2005
300 _a184ص
336 _atext
_btxt
_2rdacontent
337 _aunmediated
_bn
_2rdamedia
338 _avolume
_bnc
_2rdacarrier
650 4 _aالسلطة التشريعية -- الاردن
_97407
999 _aA263
_c3831
_d3831